| 000 | 00749nam a2200205 4500 | ||
|---|---|---|---|
| 999 |
_c77 _d77 |
||
| 001 | 1478 | ||
| 003 | BD-DhUAP | ||
| 005 | 20200115100625.0 | ||
| 008 | 200115s1999 a|||| |||| 00| 0 eng d | ||
| 020 | _a9843106784 | ||
| 040 |
_aBD-DhUAP _bEng _cBD-DhUAP _dBD-DhUAP |
||
| 082 |
_223 _a004 BAN |
||
| 110 |
_aGovernment of peoples republic of Bangladesh. _bMinistry of science and technology. |
||
| 245 |
_aProceedings international conference on computer and information technology / _cGovernment of peoples republic of Bangladesh. |
||
| 260 |
_aDhaka : _bIEEE Bangladesh section, _cc1999. |
||
| 300 |
_avi, 322 pages : _billustrations ; _c28 cm. |
||
| 650 |
_aComputer science _vCongresses. |
||
| 650 |
_aComputer programming _vCongresses. |
||
| 942 |
_2ddc _cBK |
||